000 01416cam a2200361 i 4500
001 768714001
003 CO-MdFUSB
005 20241205115956.0
007 ta
008 180828t2000 -us||||| |||| 00| 0 spa d
020 _a1558831223
040 _aCO-MdFUSB
_bspa
_cCO-MdFUSB
_dCO-MdFUSBC
_erda
041 _aspa
082 _221
_a236.9
_bH759i
100 _aHolwerda, David E.
_eautor
240 _aJesus and Israel : One convenant or Two?
245 _aIsrael en el plan de Dios.
_c/ David E. Holwerda ; traducido por Ezequiel Romero Sánchez-Concha
264 1 _aGrand Rapids, Michigan :
_bLibros Desafío,
_c[2000]
264 4 _c©2000
300 _a192 páginas.
_c; 23 cm.
336 _2rdacontent
_atexto
_btxt
337 _2rdamedia
_asin mediación
_bn
338 _2rdacarrier
_avolumen
_bnc
504 _aIncluye referencias bibliográficas e índices.
505 _aJesús e Israel en el siglo veinte. -- Jesús e Israel: Un asunto de identidad. -- Jesús y el templo: Un asunto de esencia. --Jesús y la tierra: Un asunto de tiempo y lugar. -- Jesús y la ley: Un asunto de cumplimiento. -- ¿Existe un futuro para el Israel Judío?¿Cumplimiento universal y particular?
563 _aRústico.
600 0 7 _aJesucristo
650 7 _aEscatología
_9213
650 7 _9239
_aCristología
700 _91328
_aRomero Sánchez-Concha, Ezequiel
_etraductor.
942 _cBK
945 _aMiguel
999 _c64453
_d64453